[Event "IECC KO-1037"]
[Site "IECC email"]
[Date "2004.06.01"]
[Round "?"]
[White "Blanque, Antonio Sanchez"]
[Black "Benum, Sharon"]
[Result "1-0"]
[WhiteElo "1068"]
[BlackElo "1019"]
[PlyCount "31"]
[EventDate "2003.??.??"]
[EventType "match (corr)"]
[EventRounds "2"]
[SourceTitle "Corr 2020"]
[Source "ChessBase"]
[SourceDate "2019.09.30"]
[SourceVersion "1"]
[SourceVersionDate "2019.09.30"]
[SourceQuality "1"]
[WhiteTeam "Spain"]
[BlackTeam "United States"]
[WhiteTeamCountry "ESP"]
[BlackTeamCountry "USA"]

1. e4 c6 2. Nc3 d5 3. Nf3 Bg4 4. h3 Bxf3 5. Qxf3 e6 6. exd5 cxd5 7. Bb5+ Nc6 8. d4 Nf6 9. Bf4 Be7 10. 0-0-0 Qb6 11. g4 0-0 12. Bxc6 Qxc6 13. h4 Nd7 14. h5 h6 15. Qe3 Nb6 16. b3 1-0

[Event "IECC KO-1032"]
[Site "IECC email"]
[Date "2003.12.08"]
[Round "?"]
[White "Mas, Carlos"]
[Black "Benum, Sharon"]
[Result "1-0"]
[WhiteElo "1120"]
[BlackElo "1047"]
[PlyCount "35"]
[EventDate "2003.??.??"]
[EventType "match (corr)"]
[EventRounds "2"]
[SourceTitle "Corr 2020"]
[Source "ChessBase"]
[SourceDate "2019.09.30"]
[SourceVersion "1"]
[SourceVersionDate "2019.09.30"]
[SourceQuality "1"]
[WhiteTeam "Mexico"]
[BlackTeam "United States"]
[WhiteTeamCountry "MEX"]
[BlackTeamCountry "USA"]

1. e4 c6 2. d4 d5 3. Nc3 dxe4 4. Nxe4 Bf5 5. Ng3 Bg6 6. Nf3 Nd7 7. Bd3 Bxd3 8. Qxd3 Ngf6 9. 0-0 e6 10. Re1 Bd6 11. Nf5 Bf8 12. Bf4 Nb6 13. c4 Be7 14. Nxg7+ Kf8 15. Bh6 Kg8 16. Ne5 c5 17. Nxe6 fxe6 18. Qg3+ 1-0

[Event "IECC CL7-2003.20 email"]
[Site "IECC email"]
[Date "2003.08.20"]
[Round "?"]
[White "Bell, Patricia"]
[Black "Benum, Sharon"]
[Result "1-0"]
[WhiteElo "1090"]
[BlackElo "1057"]
[PlyCount "78"]
[EventDate "2003.??.??"]
[EventType "tourn (corr)"]
[EventRounds "4"]
[SourceTitle "Corr 2008"]
[Source "ChessBase"]
[SourceDate "2008.06.24"]
[SourceVersion "1"]
[SourceVersionDate "2008.06.24"]
[SourceQuality "1"]

1. d4 d5 2. Nf3 c6 3. c3 Bf5 4. Bf4 Qb6 5. Qb3 Nd7 6. e3 e6 7. Nbd2 c5 8. Ne5 Ngf6 9. Bb5 c4 10. Qa4 Rd8 11. Bg5 Bd6 12. Bf4 a6 13. Bxd7+ Nxd7 14. Nxd7 Rxd7 15. Bxd6 Qxd6 16. 0-0 0-0 17. Nf3 f6 18. Rfe1 Re8 19. h3 Be4 20. Qd1 Bxf3 21. Qxf3 e5 22. dxe5 Rxe5 23. Rad1 Re4 24. Rd4 Rde7 25. Rxe4 dxe4 26. Qe2 b5 27. Rd1 Qb6 28. Qg4 Qc7 29. Rd4 Kf8 30. Qh5 g6 31. Qg4 f5 32. Qg5 Kg7 33. Rd5 Rd7 34. Rd4 Re7 35. Qh4 Rf7 36. g4 Qe7 37. Qg3 Qc7 38. Qg2 g5 39. gxf5 Kf6 1-0

[Event "IECC CL7-2003.13 email"]
[Site "IECC email"]
[Date "2003.05.21"]
[Round "?"]
[White "Copin, Jean Christophe"]
[Black "Benum, Sharon"]
[Result "0-1"]
[WhiteElo "1116"]
[BlackElo "1050"]
[PlyCount "68"]
[EventDate "2003.??.??"]
[EventType "tourn (corr)"]
[EventRounds "4"]
[SourceTitle "Corr 2008"]
[Source "ChessBase"]
[SourceDate "2008.06.24"]
[SourceVersion "1"]
[SourceVersionDate "2008.06.24"]
[SourceQuality "1"]

1. e4 c6 2. d4 d5 3. e5 Bf5 4. Bd3 Bxd3 5. Qxd3 e6 6. Nf3 Nd7 7. Bd2 c5 8. c4 Nb6 9. b3 h6 10. 0-0 Qc7 11. Ba5 cxd4 12. Nxd4 Qxe5 13. Nc3 dxc4 14. bxc4 Qxa5 15. Ncb5 Nd7 16. Nb3 Qb6 17. Rfd1 Ngf6 18. c5 Nxc5 19. Qc4 a6 20. N5d4 Nxb3 21. Nxb3 Qc6 22. Qd3 Be7 23. Nd4 Qe4 24. Qb3 0-0 25. Nf3 Qb4 26. Qxb4 Bxb4 27. Rab1 Rfd8 28. Rxd8+ Rxd8 29. g3 a5 30. Rb3 b6 31. Ne5 Rc8 32. Nd3 Rc3 33. Nxb4 Rxb3 34. axb3 axb4 0-1

[Event "IECC KO email"]
[Site "IECC email"]
[Date "2001.05.13"]
[Round "?"]
[White "Benum, Sharon"]
[Black "Koen, Bryan E"]
[Result "0-1"]
[WhiteElo "1008"]
[BlackElo "1067"]
[PlyCount "54"]
[EventDate "2001.??.??"]
[EventType "tourn (corr)"]
[EventRounds "6"]
[SourceTitle "Corr 2008"]
[Source "ChessBase"]
[SourceDate "2008.06.24"]
[SourceVersion "1"]
[SourceVersionDate "2008.06.24"]
[SourceQuality "1"]

1. d4 f5 2. g3 Nf6 3. Bg2 g6 4. Nh3 Bg7 5. Nf4 d6 6. Nc3 0-0 7. d5 c6 8. h4 cxd5 9. Ncxd5 Ne4 10. c3 e6 11. Nb4 Qc7 12. Qb3 Re8 13. Bxe4 fxe4 14. h5 g5 15. Ng6 Bf6 16. Be3 a5 17. 0-0-0 axb4 18. Qxb4 d5 19. Kb1 hxg6 20. Bd4 e5 21. Bb6 Qc6 22. hxg6 Be6 23. Rh7 Nd7 24. Be3 Ra4 25. Qxa4 Qxa4 26. b3 Qa5 27. Bd2 Ra8 0-1

[Event "IECC CL8-2001.09"]
[Site "IECC email"]
[Date "2001.04.30"]
[Round "?"]
[White "O'Brien, Kenneth"]
[Black "Benum, Sharon"]
[Result "0-1"]
[WhiteElo "1019"]
[BlackElo "1000"]
[PlyCount "76"]
[EventDate "2001.??.??"]
[EventType "tourn (corr)"]
[EventRounds "4"]
[SourceTitle "Corr 2008"]
[Source "ChessBase"]
[SourceDate "2008.06.24"]
[SourceVersion "1"]
[SourceVersionDate "2008.06.24"]
[SourceQuality "1"]

1. f4 d5 2. Nf3 Nf6 3. e3 Bf5 4. b3 e6 5. Bb2 Bg4 6. Be2 Bxf3 7. Bxf3 Nbd7 8. 0-0 Bd6 9. d3 0-0 10. Nd2 Bc5 11. Qe2 c6 12. c4 Re8 13. a4 e5 14. f5 a5 15. Ba3 Bxa3 16. Rxa3 Qb6 17. Rc1 Nb8 18. c5 Qd8 19. e4 Na6 20. Qf2 Nb4 21. Qe3 d4 22. Qe2 Qe7 23. Qf1 Nd7 24. Bh5 Qg5 25. Qe2 g6 26. h4 Qxh5 27. Qxh5 gxh5 28. Nc4 Nxd3 29. Rc2 N3xc5 30. Nd6 Red8 31. Rf2 Nf6 32. Rc2 Rxd6 33. Rxc5 Ng4 34. Ra2 f6 35. Rd2 b6 36. Rc4 c5 37. g3 Kf7 38. Rd3 Rg8 0-1

[Event "IECC KO email"]
[Site "IECC email"]
[Date "2001.04.14"]
[Round "?"]
[White "Benum, Sharon"]
[Black "Larham, Ron"]
[Result "1-0"]
[WhiteElo "968"]
[BlackElo "1030"]
[PlyCount "55"]
[EventDate "2001.??.??"]
[EventType "tourn (corr)"]
[EventRounds "6"]
[SourceTitle "Corr 2008"]
[Source "ChessBase"]
[SourceDate "2008.06.24"]
[SourceVersion "1"]
[SourceVersionDate "2008.06.24"]
[SourceQuality "1"]

1. d4 Nf6 2. Nf3 e6 3. Bg5 Be7 4. Nbd2 0-0 5. Bxf6 Bxf6 6. e4 b6 7. Bd3 d6 8. c3 c5 9. e5 dxe5 10. Be4 exd4 11. Nb1 dxc3 12. Nxc3 Qc7 13. Bxa8 Ba6 14. Be4 Rd8 15. Qc2 Nc6 16. Bxc6 Qxc6 17. Rd1 Bxc3+ 18. bxc3 Rxd1+ 19. Kxd1 Bc4 20. Kc1 f6 21. Rg1 a5 22. Nd2 Qd5 23. Nxc4 Qxc4 24. Rd1 b5 25. Qb3 Qe2 26. Rd8+ Kf7 27. Qd1 Qxf2 28. Qh5+ 1-0

[Event "IECC CL8-2001.04"]
[Site "IECC email"]
[Date "2001.03.17"]
[Round "?"]
[White "Benum, Sharon"]
[Black "Scott, David C"]
[Result "1-0"]
[WhiteElo "992"]
[BlackElo "951"]
[PlyCount "27"]
[EventDate "2001.??.??"]
[EventType "tourn (corr)"]
[EventRounds "4"]
[SourceTitle "Corr 2008"]
[Source "ChessBase"]
[SourceDate "2008.06.24"]
[SourceVersion "1"]
[SourceVersionDate "2008.06.24"]
[SourceQuality "1"]

1. d4 Nf6 2. Nf3 g6 3. Bg5 Bg7 4. Nbd2 0-0 5. e4 d6 6. Bc4 c5 7. c3 Nc6 8. Nb3 a6 9. Bxf6 Bxf6 10. 0-0 Bd7 11. dxc5 dxc5 12. Nxc5 b5 13. Nxd7 Qxd7 14. Qxd7 1-0

[Event "IECC CL8-2001.04"]
[Site "IECC email"]
[Date "2001.03.17"]
[Round "?"]
[White "Schulle, Jozsef"]
[Black "Benum, Sharon"]
[Result "1-0"]
[WhiteElo "1016"]
[BlackElo "1006"]
[PlyCount "47"]
[EventDate "2001.??.??"]
[EventType "tourn (corr)"]
[EventRounds "4"]
[SourceTitle "Corr 2008"]
[Source "ChessBase"]
[SourceDate "2008.06.24"]
[SourceVersion "1"]
[SourceVersionDate "2008.06.24"]
[SourceQuality "1"]

1. c4 Nf6 2. Nc3 e6 3. d4 Be7 4. e4 Bb4 5. Bd2 Bxc3 6. Bxc3 Nxe4 7. Qg4 Ng5 8. h4 f5 9. Qxg5 Qxg5 10. hxg5 d5 11. Nf3 Nc6 12. Ne5 Ne7 13. Rc1 0-0 14. Bb4 Re8 15. Rc3 Nc6 16. Nxc6 bxc6 17. Rch3 h6 18. gxh6 g6 19. h7+ Kh8 20. Bd2 Ba6 21. Bf4 e5 22. Bxe5+ Rxe5+ 23. dxe5 Re8 24. Ra3 1-0

[Event "IECC KO email"]
[Site "IECC email"]
[Date "1999.10.06"]
[Round "?"]
[White "Mottershead, Richard"]
[Black "Benum, Sharon"]
[Result "1-0"]
[WhiteElo "1157"]
[BlackElo "1005"]
[PlyCount "55"]
[EventDate "1999.??.??"]
[EventType "tourn (corr)"]
[EventRounds "6"]
[SourceTitle "Corr 2008"]
[Source "ChessBase"]
[SourceDate "2008.06.24"]
[SourceVersion "1"]
[SourceVersionDate "2008.06.24"]
[SourceQuality "1"]

1. e4 c5 2. d4 cxd4 3. c3 dxc3 4. Nxc3 Nc6 5. Nf3 e5 6. Bc4 Qe7 7. Nd5 Qd6 8. 0-0 Be7 9. a3 Nf6 10. Qc2 0-0 11. b4 Nxd5 12. Bxd5 Nd4 13. Nxd4 exd4 14. Bb2 Bf6 15. Rad1 Qb6 16. Qc4 d6 17. Bxd4 Bxd4 18. Rxd4 Bd7 19. Rfd1 Rac8 20. Qe2 Qb5 21. Qxb5 Bxb5 22. Bxb7 Ba4 23. Bxc8 Bxd1 24. Rxd1 Rxc8 25. g4 Rd8 26. Rd5 Kf8 27. b5 Ke7 28. a4 1-0

[Event "IECC Quad email"]
[Site "IECC email"]
[Date "1999.05.15"]
[Round "?"]
[White "Benum, Sharon"]
[Black "Richard, Andy"]
[Result "1/2-1/2"]
[WhiteElo "1023"]
[BlackElo "1318"]
[PlyCount "42"]
[EventDate "1999.??.??"]
[EventType "tourn (corr)"]
[EventRounds "6"]
[SourceTitle "Corr 2008"]
[Source "ChessBase"]
[SourceDate "2008.06.24"]
[SourceVersion "1"]
[SourceVersionDate "2008.06.24"]
[SourceQuality "1"]

1. d4 d5 2. c4 e6 3. Nf3 c5 4. e3 cxd4 5. cxd5 Nc6 6. Nxd4 Qxd5 7. Nc3 Bb4 8. Qd3 Nxd4 9. Qxd4 Qxd4 10. exd4 Nf6 11. a3 Ba5 12. b4 Bb6 13. Be3 0-0 14. Bc4 Rd8 15. 0-0-0 Bd7 16. d5 Bxe3+ 17. fxe3 exd5 18. Bxd5 Nxd5 19. Nxd5 Be6 20. Nc3 Rac8 21. Rxd8+ Rxd8 1/2-1/2

[Event "IECC KO email"]
[Site "IECC email"]
[Date "1999.04.24"]
[Round "?"]
[White "Benum, Sharon"]
[Black "Marshall, Derek"]
[Result "1-0"]
[WhiteElo "1023"]
[BlackElo "858"]
[PlyCount "59"]
[EventDate "1999.??.??"]
[EventType "tourn (corr)"]
[EventRounds "6"]
[SourceTitle "Corr 2008"]
[Source "ChessBase"]
[SourceDate "2008.06.24"]
[SourceVersion "1"]
[SourceVersionDate "2008.06.24"]
[SourceQuality "1"]

1. d4 d5 2. Nf3 Nf6 3. Bg5 Nc6 4. Nbd2 Bf5 5. c3 h6 6. Bxf6 exf6 7. e3 Bd6 8. Be2 Qe7 9. Qb3 Na5 10. Qxd5 Bg4 11. Qxa5 b6 12. Qb5+ Bd7 13. Qc4 Bg4 14. Qc6+ Qd7 15. Qxa8+ Qd8 16. Qe4+ Be6 17. d5 Qa8 18. Bb5+ Kd8 19. Bc6 Qc8 20. dxe6 fxe6 21. Bb7 Qd7 22. Nd4 f5 23. Qd3 Bc5 24. Bc6 Qd6 25. Nc4 Qe7 26. Nxf5+ Bd6 27. Nxe7 Kxe7 28. Qg6 Rg8 29. Rd1 Rd8 30. Qxg7# 1-0

[Event "IECC M email"]
[Site "IECC email"]
[Date "1999.03.28"]
[Round "?"]
[White "Benum, Sharon"]
[Black "Raeuchle, Walter"]
[Result "0-1"]
[WhiteElo "1038"]
[BlackElo "1052"]
[PlyCount "68"]
[EventDate "1999.??.??"]
[EventType "tourn (corr)"]
[EventRounds "6"]
[SourceTitle "Corr 2008"]
[Source "ChessBase"]
[SourceDate "2008.06.24"]
[SourceVersion "1"]
[SourceVersionDate "2008.06.24"]
[SourceQuality "1"]

1. d4 d5 2. Nf3 Nf6 3. Bg5 Ne4 4. Bh4 c5 5. c3 Nc6 6. Nbd2 Qb6 7. Qb3 Nxd2 8. Nxd2 cxd4 9. Qxb6 axb6 10. e3 dxe3 11. fxe3 e5 12. e4 d4 13. Nc4 Be6 14. Nxb6 Rxa2 15. Rxa2 Bxa2 16. Bd3 Bc5 17. Na4 Ba7 18. Ke2 Kd7 19. Ra1 Be6 20. h3 Rb8 21. b4 b5 22. Nb2 dxc3 23. Nd1 Bd4 24. Be1 c2 25. Nc3 Nxb4 26. Rc1 Nxd3 27. Kxd3 b4 28. Rxc2 bxc3 29. Bxc3 Rb3 30. Kd2 Kd6 31. Bxd4 exd4 32. Kc1 Ke5 33. Re2 d3 34. Re3 Kd4 0-1

[Event "IECC M email"]
[Site "IECC email"]
[Date "1999.03.28"]
[Round "?"]
[White "Raeuchle, Walter"]
[Black "Benum, Sharon"]
[Result "1-0"]
[WhiteElo "1068"]
[BlackElo "1022"]
[PlyCount "67"]
[EventDate "1999.??.??"]
[EventType "tourn (corr)"]
[EventRounds "6"]
[SourceTitle "Corr 2008"]
[Source "ChessBase"]
[SourceDate "2008.06.24"]
[SourceVersion "1"]
[SourceVersionDate "2008.06.24"]
[SourceQuality "1"]

1. e4 e6 2. d4 d5 3. Nc3 Bb4 4. e5 Nd7 5. a3 Bxc3+ 6. bxc3 c5 7. Qg4 g6 8. Nf3 Nb6 9. dxc5 Nd7 10. Bb5 Qa5 11. Qb4 Qxb4 12. cxb4 h6 13. c6 bxc6 14. Bxc6 Rb8 15. Be3 Bb7 16. Bxd7+ Kxd7 17. Bxa7 Ra8 18. Bc5 Ne7 19. Bxe7 Kxe7 20. a4 Rhc8 21. Kd2 Rc4 22. Rhb1 Rac8 23. Ne1 d4 24. f3 f6 25. exf6+ Kxf6 26. a5 e5 27. a6 Bd5 28. b5 e4 29. fxe4 Bxe4 30. b6 Bxc2 31. a7 Bxb1 32. Rxb1 Ra8 33. b7 Rcc8 34. bxc8Q 1-0